Anatomy of attachment of the root parasite Thonningia sanguinea vahl on Hevea brasiliensis (Record no. 47193)

MARC details
000 -LEADER
fixed length control field 01038nam a2200217Ia 4500
100 ## - MAIN ENTRY--AUTHOR NAME
Personal name Idu M
245 #0 - TITLE STATEMENT
Title Anatomy of attachment of the root parasite Thonningia sanguinea vahl on Hevea brasiliensis
260 ## - PUBLICATION, DISTRIBUTION, ETC. (IMPRINT)
Name of publisher Indian Journal of Natural Rubber Research
Year of publication 2002
300 ## - PHYSICAL DESCRIPTION
Number of Pages 33-35
520 ## - SUMMARY, ETC.
Summary, etc Thonningia sanguinea Vahl was observed to develop tyloses internally, as a result of intrusion of the host Hevea brasiliensis into its tissues. The tissues were also squeezed and xylem cells split off into strands. At the point of contact between T. sanguinea and the host plant, enlarged tissues (galls) developed. Ecologically, the plant is hazardous to rubber as it dominates the plantation floor.
650 ## - SUBJECT ADDED ENTRY--TOPICAL TERM
Topical Term Hevea brasiliensis
650 ## - SUBJECT ADDED ENTRY--TOPICAL TERM
Topical Term Hevea brasiliensis
650 ## - SUBJECT ADDED ENTRY--TOPICAL TERM
Topical Term Root parasite attachment
650 ## - SUBJECT ADDED ENTRY--TOPICAL TERM
Topical Term Root parasite attachment
650 ## - SUBJECT ADDED ENTRY--TOPICAL TERM
Topical Term Thonningia sanguinea
650 ## - SUBJECT ADDED ENTRY--TOPICAL TERM
Topical Term Thonningia sanguinea
700 ## - ADDED ENTRY--PERSONAL NAME
Personal name Akpaja E O
700 ## - ADDED ENTRY--PERSONAL NAME
Personal name Begho E R
942 ## - ADDED ENTRY ELEMENTS (KOHA)
Koha item type Articles
Holdings
Withdrawn status Lost status Damaged status Not for loan Home library Current library Shelving location Date acquired Serial Enumeration / chronology Koha item type
      Articles RRII Library RRII Library Pathology 21/04/2003 Volume 15, Issue 1 Articles